000 01010nam a2200229 a 4500
001 000045534
005 20240307073948.0
008 150414d1999 dr 000 0 spa d
040 _aDO-SdBNP
_bspa
_cBNPHU
082 _axxxx
_bxxxx
245 0 0 _aEvaluación del comportamiento de la economía dominicana 1998 y sus perspectivas /
_ccoordinación ; Manuel J. Colón ; presentación Porfirio García Fernández.
260 _aSanto Domingo :
_bUniversitaria, UASD,
_c1999.
300 _a91 p. ;
_c21 cm.
490 1 _aPublicaciones de la Universidad Autónoma de Santo Domingo
_v944
490 1 _aEconomía y sociedad
_v14
500 _aIncluye referencias bibliográficas y notas al pie de las páginas.
700 1 2 _aGarcía Fernández, Porfirio,
_epres.
_917488
700 1 2 _aColón, Manuel J.,
_ecoor.
_973593
710 1 2 _aUniversidad Autónoma de Santo Domingo
_972951
830 0 _aEconomía y sociedad ;
_n14
_973594
830 0 _aPublicaciones de la Universidad Autónoma de Santo Domingo ;
_n944
_973595
999 _c45023
_d45023